| 000 | 01231nam a22003857a 4500 | ||
|---|---|---|---|
| 003 | OSt | ||
| 005 | 20230427135107.0 | ||
| 008 | 221006b |||||||| |||| 00| 0 eng d | ||
| 040 | _cBiblioteca Lado V | ||
| 082 |
_a700 _bO48e |
||
| 100 |
_9294 _aOlivares, Rosa _eeditor |
||
| 245 | _aExit/ | ||
| 260 |
_bOlivares y Asociados S.L. _aEspaña _c2005 |
||
| 300 |
_c21x26cm _a194p. |
||
| 366 | _espa | ||
| 490 |
_a19 _v2005 |
||
| 505 | _tEditorial. | ||
| 505 | _tAlgo supuestamente aburrido que nunca dejare de hacer | ||
| 505 | _tJose Manuel Navia | ||
| 505 | _tEl Loop | ||
| 505 | _tDaniel Blaufuks | ||
| 505 | _tJordi Bernado | ||
| 505 | _tHamish Fulton | ||
| 505 | _tIndice de artistas | ||
| 505 | _tFischli & Weiss | ||
| 505 | _tIndice de artistas | ||
| 650 |
_2Tesauro de Arte & Arquitectura _aARTE _9703 |
||
| 650 |
_2Tesauro de Arte & Arquitectura _aEXPOSICIONES |
||
| 650 |
_2Tesauro de Arte & Arquitectura _aCULTURA |
||
| 650 |
_2Tesauro de Arte & Arquitectura _aAPRECIACION |
||
| 650 |
_2Tesauro de Arte & Arquitectura _aTEORIA |
||
| 650 |
_2Tesauro de Arte & Arquitectura _aLITERATURA |
||
| 650 |
_2Tesauro de Arte & Arquitectura _aESPAÑA |
||
| 942 |
_2ddc _c1 _h700 _iO48e _n0 |
||
| 999 |
_c3502 _d3502 |
||